|
|
|
|
| LEADER |
00000nam0a2200000 4500 |
| 001 |
263385 |
| 005 |
20231101233731.0 |
| 010 |
|
|
|a 5376004546
|
| 035 |
|
|
|a (RuTPU)RU\TPU\book\286370
|
| 090 |
|
|
|a 263385
|
| 100 |
|
|
|a 20140609d1988 k y0rusy50 ca
|
| 101 |
0 |
|
|a rus
|
| 102 |
|
|
|a MD
|
| 105 |
|
|
|a a z 001zy
|
| 200 |
1 |
|
|a Расчет электрических полей изоляционных конструкций
|f О. В. Гримальский, В. Л. Иванов
|g Академия наук Молдавской ССР, Отдел энергетической кибернетики
|
| 210 |
|
|
|a Кишинев
|c Штиинца
|d 1988
|
| 215 |
|
|
|a 107 с.
|c ил.
|
| 320 |
|
|
|a Библиогр.: с. 93-97.
|
| 606 |
1 |
|
|a Электрические аппараты и приборы
|x Изоляция
|2 stltpush
|3 (RuTPU)RU\TPU\subj\26906
|9 50738
|
| 610 |
1 |
|
|a изоляционные конструкции
|
| 610 |
1 |
|
|a электрические поля
|
| 610 |
1 |
|
|a расчет
|
| 610 |
1 |
|
|a численные методы
|
| 610 |
1 |
|
|a квазистационарные поля
|
| 610 |
1 |
|
|a анализ
|
| 610 |
1 |
|
|a интегральные уравнения
|
| 610 |
1 |
|
|a численная реализация
|
| 610 |
1 |
|
|a осесимметричные сопла
|
| 610 |
1 |
|
|a осесимметричные поля
|
| 610 |
1 |
|
|a высоковольтная изоляция
|
| 675 |
|
|
|a 621.31.04
|v 3
|
| 700 |
|
1 |
|a Гримальский
|b О. В.
|g Олег Владимирович
|
| 701 |
|
1 |
|a Иванов
|b В. Л.
|g Всеволод Львович
|
| 712 |
0 |
2 |
|a Академия наук Молдавской ССР (АН МССР)
|b Отдел энергетической кибернетики
|2 stltpush
|3 (RuTPU)RU\TPU\col\85
|
| 801 |
|
1 |
|a RU
|b 63413507
|c 20140609
|
| 801 |
|
2 |
|a RU
|b 63413507
|c 20150417
|g RCR
|
| 942 |
|
|
|c BK
|